[Event "FRA T II 20102011"]
[Site "FRA"]
[Date "2010.10.17"]
[Round "1.1"]
[White "Le Ruyet, Leopold"]
[Black "Pap, Misa"]
[Result "0-1"]
[WhiteElo "2204"]
[BlackElo "2504"]
[PlyCount "38"]
[EventDate "2010.11.13"]
[EventType "team-match"]
[EventRounds "9"]
[EventCountry "FRA"]
[Source "FFE"]
[SourceDate "2010.10.29"]
[WhiteTeamCountry "FRA"]
[BlackTeamCountry "FRA"]

1. e4 c5 2. Nf3 Nc6 3. d4 cxd4 4. Nxd4 e5 5. Nb5 d6 6. N1c3 a6 7. Na3 b5 8. Nd5
Rb8 9. c4 b4 10. Nc2 Be7 11. Be2 Nf6 12. Qd3 Nd7 13. Qg3 Bf6 14. Nxf6+ Qxf6 15.
Ne3 Nd4 16. Nd5 Qg6 17. Qh4 Nf6 18. Bg5 Nxd5 19. Bh5 Nf4 0-1

[Event "FRA T II 20102011"]
[Site "FRA"]
[Date "2010.11.14"]
[Round "2.5"]
[White "Brehier, William"]
[Black "Le Goff, Ronan"]
[Result "0-1"]
[WhiteElo "1875"]
[BlackElo "2035"]
[PlyCount "128"]
[EventDate "2010.11.13"]
[EventType "team-match"]
[EventRounds "9"]
[EventCountry "FRA"]
[Source "FFE"]
[SourceDate "2010.10.29"]
[WhiteTeamCountry "FRA"]
[BlackTeamCountry "FRA"]

1. e4 e5 2. Nf3 Nc6 3. Bb5 a6 4. Ba4 Nf6 5. O-O Be7 6. Re1 b5 7. Bb3 O-O 8. c3
d6 9. h3 Nb8 10. d3 Nbd7 11. Nbd2 Bb7 12. Nf1 Re8 13. Ng5 d5 14. exd5 Bxd5 15.
Bxd5 Nxd5 16. Nf3 Bf8 17. Ng3 g6 18. d4 Bg7 19. Bg5 f6 20. dxe5 Nxe5 21. Nxe5
fxg5 22. Nf3 Rxe1+ 23. Qxe1 Nf4 24. Rd1 Qf6 25. Ne4 Qc6 26. Ng3 Re8 27. Qd2
Nxh3+ 28. Kh2 Rf8 29. Kxh3 g4+ 30. Kxg4 Qe6+ 31. Nf5 Rxf5 32. Kg3 Rh5 33. Qd8+
Bf8 34. Ng5 Qe5+ 35. f4 Qe3+ 36. Nf3 Rf5 37. Qxc7 h5 38. Qd8 Qxf4+ 39. Kf2 Qc4
40. Kg1 Qg4 41. Qh4 Bc5+ 42. Kh2 Qxh4+ 43. Nxh4 Rf6 44. Rd5 Be3 45. Nf3 Re6 46.
Rd8+ Kg7 47. Rc8 Bf4+ 48. Kg1 Re2 49. Ra8 Rxb2 50. Rxa6 Bg3 51. Kf1 Rf2+ 52.
Kg1 Rc2 53. Kf1 Rxc3 54. Ra5 b4 55. Ra4 Rc1+ 56. Ke2 Rc2+ 57. Kf1 Rf2+ 58. Kg1
Rb2 59. Kf1 h4 60. Nd4 Rf2+ 61. Kg1 Rd2 62. Ra7+ Kh6 63. Nf5+ gxf5 64. Ra6+ Kg5
0-1

[Event "FRA T II 20102011"]
[Site "FRA"]
[Date "2010.11.14"]
[Round "2.4"]
[White "Giraud, Stephane"]
[Black "Lemeaux, David"]
[Result "0-1"]
[WhiteElo "1994"]
[BlackElo "2228"]
[PlyCount "106"]
[EventDate "2010.11.13"]
[EventType "team-match"]
[EventRounds "9"]
[EventCountry "FRA"]
[Source "FFE"]
[SourceDate "2010.10.29"]
[WhiteTeamCountry "FRA"]
[BlackTeamCountry "FRA"]

1. e4 c5 2. Nf3 e6 3. c4 Nc6 4. Nc3 Nge7 5. d4 cxd4 6. Nb5 d6 7. Nfxd4 Nxd4 8.
Nxd4 Nc6 9. Be3 Be7 10. Nxc6 bxc6 11. Bd4 O-O 12. Bd3 Bf6 13. Bxf6 Qxf6 14. Qc2
Rb8 15. Rb1 Bd7 16. b4 Rb7 17. O-O Rfb8 18. a3 h6 19. Qb2 e5 20. f4 Qe7 21. f5
f6 22. Qd2 Be8 23. a4 Bf7 24. b5 Qc7 25. Rbc1 Qb6+ 26. Kh1 Qc5 27. a5 Qd4 28.
Qc3 Qc5 29. Rfd1 Be8 30. Qe1 Kf8 31. Be2 Rc7 32. h3 Qe3 33. Rxd6 cxb5 34. Qd1
Qxe4 35. Bh5 Qxf5 36. Rd8 Rxd8 37. Qxd8 Qd7 38. Qa8 bxc4 39. Qe4 c3 40. Qh7 Qf7
41. Qd3 Qe7 42. Qh7 Qe6 43. Bg4 Qc4 44. Rc2 Ba4 45. Rf2 c2 46. Qh8+ Qg8 47.
Rxf6+ gxf6 48. Qxf6+ Qf7 49. Qxh6+ Ke7 50. Qh4+ Qf6 51. Qh7+ Kd8 52. Qg8+ Be8
53. Qd5+ Rd7 0-1

[Event "FRA T II 20102011"]
[Site "FRA"]
[Date "2010.11.14"]
[Round "2.4"]
[White "Le Masle, Raphael"]
[Black "Dupre Guegan, Mickael"]
[Result "0-1"]
[WhiteElo "2088"]
[BlackElo "2109"]
[PlyCount "97"]
[EventDate "2010.11.13"]
[EventType "team-match"]
[EventRounds "9"]
[EventCountry "FRA"]
[Source "FFE"]
[SourceDate "2010.10.29"]
[WhiteTeamCountry "FRA"]
[BlackTeamCountry "FRA"]

1. e4 c5 2. c3 Nf6 3. e5 Nd5 4. d4 cxd4 5. Bc4 Nb6 6. Bb3 Nc6 7. cxd4 d5 8. Nc3
Bf5 9. Nge2 e6 10. h3 Be7 11. O-O O-O 12. g4 Bg6 13. Nf4 Qd7 14. Nxg6 fxg6 15.
g5 Bd8 16. Be3 Nc8 17. Na4 b6 18. Rc1 N8e7 19. Qg4 Nf5 20. Nc3 a6 21. Ne2 b5
22. Rfd1 Bb6 23. Bc2 Nce7 24. h4 Rf7 25. Rd2 Raf8 26. Rcd1 Ba5 27. Rd3 Bb6 28.
Nf4 Nc6 29. h5 Nxe3 30. fxe3 Nxe5 31. Qh3 Nxd3 32. Bxd3 Rxf4 33. hxg6 h6 34.
exf4 Bxd4+ 35. Kh1 Bxb2 36. Rf1 Rc8 37. f5 e5 38. gxh6 gxh6 39. Qxh6 e4 40. f6
Bxf6 41. Rxf6 Qg7 42. Qg5 exd3 43. Qxd5+ Kh8 44. Rf5 Rc1+ 45. Kh2 Qc7+ 46. Kh3
Qc8 47. g7+ Kxg7 48. Qf7+ Kh8 49. Qh5+ 0-1

[Event "FRA T II 20102011"]
[Site "FRA"]
[Date "2010.11.14"]
[Round "2.2"]
[White "Bourdonnais, Loic"]
[Black "Serralta, Michel"]
[Result "0-1"]
[WhiteElo "2170"]
[BlackElo "2098"]
[PlyCount "84"]
[EventDate "2010.11.13"]
[EventType "team-match"]
[EventRounds "9"]
[EventCountry "FRA"]
[Source "FFE"]
[SourceDate "2010.10.29"]
[WhiteTeamCountry "FRA"]
[BlackTeamCountry "FRA"]

1. c4 e5 2. Nc3 d6 3. g3 f5 4. Bg2 Nf6 5. d3 Be7 6. Nf3 O-O 7. O-O c6 8. c5 Na6
9. cxd6 Bxd6 10. Bg5 h6 11. Bxf6 Qxf6 12. e4 Nc5 13. b4 Ne6 14. Qb3 g6 15. Rad1
Kh7 16. Qb2 f4 17. Ne2 Ng5 18. gxf4 Nxf3+ 19. Bxf3 a5 20. Kh1 axb4 21. Rg1 Be6
22. d4 Rxa2 23. Qb1 Bc4 24. dxe5 Bxe5 25. Rd7+ Kh8 26. f5 Qh4 27. Ng3 Rxf2 28.
Rg2 Rxf3 29. Qxb4 Rf7 30. Rxf7 Bxf7 31. Qf8+ Bg8 32. Kg1 Bd4+ 33. Kh1 Rxg3 34.
f6 Bxf6 35. Rxg3 Be5 36. Rg2 Qe1+ 37. Rg1 Qxe4+ 38. Rg2 Qe1+ 39. Rg1 Qh4 40.
Rg2 Kh7 41. Qe8 Qe1+ 42. Rg1 Bd5# 0-1

[Event "FRA T II 20102011"]
[Site "FRA"]
[Date "2010.10.17"]
[Round "1.6"]
[White "Gomard, Jonathan"]
[Black "Charrais, Kevin"]
[Result "0-1"]
[WhiteElo "1830"]
[BlackElo "1911"]
[PlyCount "56"]
[EventDate "2010.11.13"]
[EventType "team-match"]
[EventRounds "9"]
[EventCountry "FRA"]
[Source "FFE"]
[SourceDate "2010.10.29"]
[WhiteTeamCountry "FRA"]
[BlackTeamCountry "FRA"]

1. e4 e5 2. Nf3 Nc6 3. d4 exd4 4. Bc4 Bc5 5. Ng5 Qf6 6. Bxf7+ Kf8 7. Bxg8 Kxg8
8. O-O h6 9. Nf3 d6 10. h3 Be6 11. Nbd2 Rf8 12. Ne1 Qg6 13. Kh1 d5 14. Nb3 Bb6
15. e5 Qe4 16. Qd3 Nxe5 17. Qg3 Rf6 18. f3 Qe2 19. Qf2 d3 20. Qxe2 dxe2 21. Rg1
Rg6 22. f4 Nc4 23. g4 Bxg1 24. Kxg1 h5 25. f5 Bxf5 26. Kf2 hxg4 27. Nd4 Bd7 28.
Nxe2 gxh3 0-1

[Event "FRA T II 20102011"]
[Site "FRA"]
[Date "2010.10.17"]
[Round "1.4"]
[White "Bernard, Anne Laurie"]
[Black "Luco, Alain"]
[Result "0-1"]
[WhiteElo "1978"]
[BlackElo "2084"]
[PlyCount "36"]
[EventDate "2010.11.13"]
[EventType "team-match"]
[EventRounds "9"]
[EventCountry "FRA"]
[Source "FFE"]
[SourceDate "2010.10.29"]
[WhiteTeamCountry "FRA"]
[BlackTeamCountry "FRA"]

1. e4 c5 2. Nc3 Nc6 3. Bb5 g6 4. Nf3 Bg7 5. Bxc6 bxc6 6. d3 Nf6 7. Be3 Qa5 8.
Nd2 d6 9. Nc4 Qd8 10. e5 Nd5 11. d4 Ba6 12. Qe2 O-O 13. exd6 exd6 14. O-O-O
Nxc3 15. bxc3 d5 16. dxc5 Bxc4 17. Qf3 Bxc3 18. Bh6 Qa5 0-1

[Event "FRA T II 20102011"]
[Site "FRA"]
[Date "2010.10.17"]
[Round "1.3"]
[White "Crouan, Stephane"]
[Black "Loiret, Stanislas"]
[Result "0-1"]
[WhiteElo "2207"]
[BlackElo "2275"]
[PlyCount "36"]
[EventDate "2010.11.13"]
[EventType "team-match"]
[EventRounds "9"]
[EventCountry "FRA"]
[Source "FFE"]
[SourceDate "2010.10.29"]
[WhiteTeamCountry "FRA"]
[BlackTeamCountry "FRA"]

1. e4 c5 2. Nf3 e6 3. d4 cxd4 4. Nxd4 a6 5. Bd3 d6 6. O-O Nf6 7. c4 Nbd7 8. Nc3
g6 9. Kh1 Bg7 10. f4 O-O 11. f5 Ne5 12. Bg5 Qb6 13. Nc2 Bd7 14. b4 Rac8 15. Ne3
Qd4 16. Bxf6 Bxf6 17. Ncd5 exd5 18. Nxd5 Nxd3 0-1

[Event "FRA T II 20102011"]
[Site "FRA"]
[Date "2010.10.17"]
[Round "1.2"]
[White "Salami, Reza"]
[Black "Ladrat, Matthieu"]
[Result "1-0"]
[WhiteElo "2101"]
[BlackElo "2222"]
[PlyCount "27"]
[EventDate "2010.11.13"]
[EventType "team-match"]
[EventRounds "9"]
[EventCountry "FRA"]
[Source "FFE"]
[SourceDate "2010.10.29"]
[WhiteTeamCountry "FRA"]
[BlackTeamCountry "FRA"]

1. d4 Nf6 2. Nf3 c5 3. c3 e6 4. Bg5 d5 5. Nbd2 Nc6 6. e3 Be7 7. Bd3 Qb6 8. Rb1
Bd7 9. O-O Rc8 10. Qe2 h6 11. Bh4 a6 12. Rfe1 O-O 13. Ne5 Rfe8 14. Bxf6 1-0

[Event "FRA T II 20102011"]
[Site "FRA"]
[Date "2010.11.14"]
[Round "3.5"]
[White "Pozdnjakov, Evgueniy"]
[Black "Duchateau, Thomas"]
[Result "1-0"]
[WhiteElo "2212"]
[BlackElo "2055"]
[PlyCount "104"]
[EventDate "2010.11.13"]
[EventType "team-match"]
[EventRounds "9"]
[EventCountry "FRA"]
[Source "FFE"]
[SourceDate "2010.10.29"]
[WhiteTeamCountry "FRA"]
[BlackTeamCountry "FRA"]

1. d4 Nf6 2. Nf3 c5 3. e3 e6 4. Bd3 d5 5. b3 Nbd7 6. Bb2 Qc7 7. Nbd2 b6 8. Ne5
Bd6 9. f4 Bb7 10. O-O O-O 11. Qe2 Ne4 12. Bxe4 dxe4 13. Nxd7 Qxd7 14. Rfd1 Qe7
15. a4 cxd4 16. Bxd4 e5 17. fxe5 Bxe5 18. Bxe5 Qxe5 19. Nc4 Qe7 20. Qh5 g6 21.
Qe5 Rfe8 22. Qxe7 Rxe7 23. a5 b5 24. Nd6 Bc6 25. Rd4 Rd7 26. Rad1 Rad8 27. c4
bxc4 28. bxc4 Kf8 29. Nb5 Bxb5 30. cxb5 Rxd4 31. Rxd4 Rb8 32. Rb4 f5 33. b6
axb6 34. Rxb6 Ra8 35. a6 Ke8 36. Kf2 Kd7 37. Kg3 Kc7 38. Rf6 Ra7 39. Kf4 Kb8
40. h4 Rg7 41. g4 h5 42. g5 Ka7 43. Re6 Rg8 44. Ke5 Rf8 45. Rf6 Re8+ 46. Kd6
Rb8 47. Ke6 Rb3 48. Rxg6 Rxe3 49. Kxf5 Rh3 50. Re6 e3 51. g6 Rxh4 52. Rxe3 Rg4
1-0

[Event "FRA T II 20102011"]
[Site "FRA"]
[Date "2010.11.14"]
[Round "3.7"]
[White "Rode, Anthony"]
[Black "Groshens, Serge"]
[Result "0-1"]
[WhiteElo "2050"]
[BlackElo "2004"]
[PlyCount "100"]
[EventDate "2010.11.13"]
[EventType "team-match"]
[EventRounds "9"]
[EventCountry "FRA"]
[Source "FFE"]
[SourceDate "2010.10.29"]
[WhiteTeamCountry "FRA"]
[BlackTeamCountry "FRA"]

1. d4 Nf6 2. Nf3 e6 3. e3 b6 4. Bd3 Bb7 5. O-O Be7 6. c4 O-O 7. Nc3 d5 8. cxd5
exd5 9. Ne5 c5 10. f4 Nc6 11. Rf3 cxd4 12. Nxc6 Bxc6 13. exd4 Ne4 14. f5 Bf6
15. Be3 Qd7 16. Rh3 Qxf5 17. Rh5 Qd7 18. Qf3 Rfe8 19. Rf1 Rad8 20. Rh3 h6 21.
Qh5 Ng5 22. Bxg5 Bxg5 23. Rhf3 Re7 24. Rg3 g6 25. Qf3 Re3 26. Qd1 Rxg3 27. hxg3
Re8 28. Qc2 Kg7 29. Nd1 Bb5 30. Bxb5 Qxb5 31. Qc7 Re7 32. Qd6 Qc4 33. Nc3 Qxd4+
34. Kh2 Qe5 35. Qc6 d4 36. Nd5 Re6 37. Qd7 Bf6 38. Nxf6 Rxf6 39. Rxf6 Qxf6 40.
Qd5 a5 41. a4 Qf2 42. Qe5+ Kh7 43. Qd5 h5 44. b3 Qf6 45. Qd7 Kg7 46. Kg1 Qe5
47. g4 hxg4 48. Qxg4 d3 49. Kf2 d2 50. Qe2 Qd4+ 0-1

[Event "FRA T II 20102011"]
[Site "FRA"]
[Date "2010.11.13"]
[Round "2.2"]
[White "Marzolf, Bruno"]
[Black "Toubale, Tarek"]
[Result "1/2-1/2"]
[WhiteElo "2248"]
[BlackElo "2168"]
[PlyCount "78"]
[EventDate "2010.11.13"]
[EventType "team-match"]
[EventRounds "9"]
[EventCountry "FRA"]
[Source "FFE"]
[SourceDate "2010.10.29"]
[WhiteTeamCountry "FRA"]
[BlackTeamCountry "FRA"]

1. e4 c5 2. Nf3 e6 3. d4 cxd4 4. Nxd4 a6 5. Bd3 Bc5 6. Nb3 Be7 7. O-O d6 8. c4
Nf6 9. Nc3 Nbd7 10. f4 b6 11. Qe2 Bb7 12. Nd4 Qc7 13. Nf3 O-O 14. Bd2 Rfd8 15.
Rac1 Rac8 16. b4 Bf8 17. a3 Qb8 18. Bb1 Qc7 19. Ba2 Qb8 20. Rce1 Qa8 21. Nd4 b5
22. e5 dxe5 23. fxe5 Nxe5 24. Qxe5 Bxg2 25. c5 Nd7 26. Qf4 Bxf1 27. Rxf1 Nf6
28. Be3 Re8 29. Qh4 Be7 30. Bb1 Kf8 31. Bxh7 Nxh7 32. Qxh7 Bf6 33. Ne4 Ke7 34.
Nd6 Qd5 35. Nxc8+ Rxc8 36. Rd1 g6 37. Qh3 Rd8 38. Bf2 Qe4 39. Qd3 Qg4+ {suite
illisible} 1/2-1/2

[Event "FRA T II 20102011"]
[Site "FRA"]
[Date "2010.11.14"]
[Round "3.8"]
[White "Billard, Isabelle"]
[Black "Barakoff, Annie"]
[Result "1/2-1/2"]
[WhiteElo "1452"]
[BlackElo "1593"]
[PlyCount "75"]
[EventDate "2010.11.13"]
[EventType "team-match"]
[EventRounds "9"]
[EventCountry "FRA"]
[Source "FFE"]
[SourceDate "2010.10.29"]
[WhiteTeamCountry "FRA"]
[BlackTeamCountry "FRA"]

1. e4 c5 2. Nc3 Nc6 3. Bb5 Nd4 4. Bc4 e6 5. Nf3 a6 6. Nxd4 cxd4 7. Ne2 e5 8. d3
Nf6 9. O-O Be7 10. f4 d6 11. f5 d5 12. exd5 Nxd5 13. Ng3 Nf6 14. Ne4 O-O 15.
Qe1 Qc7 16. Bg5 Nxe4 17. Bxe7 Qxe7 18. dxe4 Qc5 19. Bb3 d3+ 20. Kh1 dxc2 21.
Qg3 Kh8 22. Rac1 f6 23. Rxc2 Qe7 24. Rfc1 Rd8 25. Rc7 Qf8 26. Rf7 Qg8 27. Rxb7
Bxb7 28. Bxg8 Rxg8 29. Qc3 Rad8 30. Re1 Rd4 31. Qf3 Rgd8 32. h3 Rd3 33. Re3
Rd1+ 34. Kh2 R1d4 35. a3 a5 36. b4 a4 37. Kg3 Kg8 38. Kh4 1/2-1/2

[Event "FRA T II 20102011"]
[Site "FRA"]
[Date "2010.11.13"]
[Round "2.8"]
[White "Criqui, Laurence"]
[Black "Barakoff, Annie"]
[Result "1-0"]
[WhiteElo "1614"]
[BlackElo "1593"]
[PlyCount "71"]
[EventDate "2010.11.13"]
[EventType "team-match"]
[EventRounds "9"]
[EventCountry "FRA"]
[Source "FFE"]
[SourceDate "2010.10.29"]
[WhiteTeamCountry "FRA"]
[BlackTeamCountry "FRA"]

1. e4 c5 2. c3 e6 3. d4 d5 4. e5 Nc6 5. Nf3 cxd4 6. cxd4 Nge7 7. Nc3 a6 8. Be2
Nf5 9. O-O b5 10. Re1 Qb6 11. Bd3 Nfxd4 12. Nxd4 Qxd4 13. Be3 Qxe5 14. Bc5 Qf6
15. Nxd5 Qd8 16. Bxf8 Kxf8 17. Ne3 Bd7 18. Qh5 h6 19. Rad1 Rc8 20. Be4 Qe8 21.
Rd6 f5 22. Qxe8+ Kxe8 23. Nxf5 Rg8 24. Bd5 Ne7 25. Bxe6 Bxe6 26. Rdxe6 Rc7 27.
Nxe7 Rxe7 28. Rxe7+ Kd8 29. f3 g5 30. R7e6 h5 31. Rxa6 Kd7 32. a4 bxa4 33. Rxa4
Rc8 34. Rd4+ Kc7 35. Rc1+ Kb7 36. Rxc8 1-0

[Event "FRA T II 20102011"]
[Site "FRA"]
[Date "2010.11.13"]
[Round "2.3"]
[White "Pozdnjakov, Viatcheslav"]
[Black "Reichstein, Hans Joerg"]
[Result "1-0"]
[WhiteElo "2235"]
[BlackElo "2105"]
[PlyCount "71"]
[EventDate "2010.11.13"]
[EventType "team-match"]
[EventRounds "9"]
[EventCountry "FRA"]
[Source "FFE"]
[SourceDate "2010.10.29"]
[WhiteTeamCountry "FRA"]
[BlackTeamCountry "FRA"]

1. d4 Nf6 2. Nf3 e6 3. e3 b6 4. Bd3 Bb7 5. Nbd2 c5 6. b3 cxd4 7. exd4 Nc6 8. a3
Be7 9. O-O O-O 10. Re1 Qc7 11. Bb2 Rac8 12. Ng5 d5 13. Ndf3 h6 14. Nh3 Bd6 15.
Ne5 Ne4 16. f3 Bxe5 17. dxe5 Nc5 18. Bf1 Ba6 19. Bxa6 Nxa6 20. Nf4 Nc5 21. Nh5
Qe7 22. f4 Kh7 23. Qg4 Rg8 24. Re3 Ne4 25. Rae1 f5 26. exf6 gxf6 27. Qh4 f5 28.
Nf6+ Nxf6 29. Bxf6 Qc5 30. b4 Qxc2 31. Bg5 Rg6 32. Rxe6 Rcg8 33. b5 Qc5+ 34.
Kh1 Qxb5 35. Bxh6 Rxe6 36. Bf8+ 1-0

[Event "FRA T II 20102011"]
[Site "FRA"]
[Date "2010.11.14"]
[Round "3.2"]
[White "Briet, Antoine"]
[Black "Toubale, Tarek"]
[Result "0-1"]
[WhiteElo "2232"]
[BlackElo "2168"]
[PlyCount "70"]
[EventDate "2010.11.13"]
[EventType "team-match"]
[EventRounds "9"]
[EventCountry "FRA"]
[Source "FFE"]
[SourceDate "2010.10.29"]
[WhiteTeamCountry "FRA"]
[BlackTeamCountry "FRA"]

1. e4 c5 2. Nf3 e6 3. d4 cxd4 4. Nxd4 a6 5. Bd3 Bc5 6. Nb3 Be7 7. Qg4 g6 8. Qe2
d6 9. O-O Nd7 10. Na3 Ne5 11. Nc4 Nxc4 12. Bxc4 Bd7 13. a4 Qc7 14. a5 Bc6 15.
Nd4 Nf6 16. Nxc6 Qxc6 17. Bd3 O-O 18. Bd2 Nd7 19. c4 Bf6 20. Rab1 Ne5 21. b4
Nxd3 22. Qxd3 Rfd8 23. Rfc1 Qd7 24. Be3 d5 25. exd5 exd5 26. Bb6 dxc4 27. Qf3
Bg5 28. Rd1 Bd2 29. Bxd8 Rxd8 30. Rbc1 Bxc1 31. Rxd7 Rxd7 32. Kf1 Bb2 33. Qe2
c3 34. Ke1 Re7 35. Qxe7 c2 0-1

[Event "FRA T II 20102011"]
[Site "FRA"]
[Date "2010.11.13"]
[Round "2.7"]
[White "Rode, Anthony"]
[Black "Mostaghacy, Babak"]
[Result "1-0"]
[WhiteElo "2050"]
[BlackElo "1790"]
[PlyCount "69"]
[EventDate "2010.11.13"]
[EventType "team-match"]
[EventRounds "9"]
[EventCountry "FRA"]
[Source "FFE"]
[SourceDate "2010.10.29"]
[WhiteTeamCountry "FRA"]
[BlackTeamCountry "FRA"]

1. d4 d5 2. Nf3 e6 3. e3 f5 4. c4 Nf6 5. Nc3 c6 6. Bd3 Bd6 7. Ne5 O-O 8. O-O
Nbd7 9. f4 Ne4 10. Bd2 Nxd2 11. Qxd2 Nf6 12. Rac1 Ne4 13. Nxe4 dxe4 14. Bb1 Qe7
15. Rfd1 Rd8 16. a3 Kh8 17. Ba2 g5 18. Qc3 gxf4 19. d5 Kg8 20. exf4 Bd7 21. c5
Bxe5 22. Qxe5 cxd5 23. Bxd5 Rf8 24. Rc3 Qf6 25. Qxf6 Rxf6 26. Bxb7 Ba4 27. b3
Rb8 28. c6 Bxc6 29. Bxc6 Rc8 30. b4 Kf8 31. b5 Rf7 32. Rc2 Rcc7 33. Rcd2 Kg7
34. Rd7 Kf6 35. Rxf7+ 1-0

[Event "FRA T II 20102011"]
[Site "FRA"]
[Date "2010.11.13"]
[Round "2.5"]
[White "Pozdnjakov, Evgueniy"]
[Black "Schott, Raimund"]
[Result "1-0"]
[WhiteElo "2212"]
[BlackElo "2030"]
[PlyCount "67"]
[EventDate "2010.11.13"]
[EventType "team-match"]
[EventRounds "9"]
[EventCountry "FRA"]
[Source "FFE"]
[SourceDate "2010.10.29"]
[WhiteTeamCountry "FRA"]
[BlackTeamCountry "FRA"]

1. d4 Nf6 2. Nf3 e6 3. Nbd2 b6 4. e4 Bb7 5. Bd3 d5 6. e5 Nfd7 7. O-O Be7 8. Re1
c5 9. c3 Nc6 10. a3 cxd4 11. cxd4 Rc8 12. b4 O-O 13. Nf1 h6 14. Ra2 f5 15. exf6
Rxf6 16. Ng3 Qe8 17. b5 Nd8 18. Ne5 Nxe5 19. dxe5 Rf8 20. Qg4 Kh8 21. Nh5 Rg8
22. Qh3 Qf8 23. Nf4 g5 24. Ng6+ Rxg6 25. Bxg6 Qg7 26. Qh5 Kg8 27. h4 Rxc1 28.
Rxc1 Bc5 29. hxg5 hxg5 30. Qxg5 Be7 31. Qh5 d4 32. Rc7 d3 33. Rd2 Bd5 34. Rxd3
1-0

[Event "FRA T II 20102011"]
[Site "FRA"]
[Date "2010.11.14"]
[Round "3.1"]
[White "Strugnell, Carl"]
[Black "Vicol, Dorian"]
[Result "0-1"]
[WhiteElo "2223"]
[BlackElo "2364"]
[PlyCount "68"]
[EventDate "2010.11.13"]
[EventType "team-match"]
[EventRounds "9"]
[EventCountry "FRA"]
[Source "FFE"]
[SourceDate "2010.10.29"]
[WhiteTeamCountry "FRA"]
[BlackTeamCountry "FRA"]

1. e4 c5 2. Nf3 d6 3. d4 cxd4 4. Nxd4 Nf6 5. Nc3 a6 6. f3 e5 7. Nb3 Be6 8. Be3
h5 9. Qd2 Be7 10. Be2 Nbd7 11. O-O Rc8 12. a4 Nb6 13. a5 Nc4 14. Bxc4 Rxc4 15.
Rfd1 Qc7 16. Qd3 O-O 17. f4 Rxc3 18. bxc3 Bc4 19. Qd2 Nxe4 20. Qe1 Bb5 21. fxe5
dxe5 22. Rd5 Nxc3 23. Bb6 Qc4 24. Rxe5 Bf6 25. Rc5 Ne2+ 26. Kh1 Qg4 27. c4 Bc6
28. Rxc6 bxc6 29. Ra2 Re8 30. Nd2 h4 31. Qf2 Ng3+ 32. Kg1 Qd1+ 33. Nf1 Nxf1 34.
Qf3 Qb1 0-1

[Event "FRA T II 20102011"]
[Site "FRA"]
[Date "2010.11.13"]
[Round "2.6"]
[White "Drakulic, Aleksandar"]
[Black "Bouton, Christophe"]
[Result "0-1"]
[WhiteElo "2008"]
[BlackElo "2059"]
[PlyCount "66"]
[EventDate "2010.11.13"]
[EventType "team-match"]
[EventRounds "9"]
[EventCountry "FRA"]
[Source "FFE"]
[SourceDate "2010.10.29"]
[WhiteTeamCountry "FRA"]
[BlackTeamCountry "FRA"]

1. d4 Nf6 2. Nf3 g6 3. Bf4 Bg7 4. e3 d6 5. Be2 O-O 6. O-O Nbd7 7. c4 c5 8. Nc3
cxd4 9. exd4 Nh5 10. Bg5 h6 11. Bh4 Nf4 12. Re1 g5 13. Bg3 Nh5 14. Bf1 Nxg3 15.
hxg3 Nf6 16. Qb3 Rb8 17. Rad1 Bf5 18. a4 e6 19. Bd3 Bxd3 20. Rxd3 a6 21. Qc2
Qc7 22. b3 b5 23. axb5 axb5 24. Nd2 bxc4 25. bxc4 Rfc8 26. Rb1 Rxb1+ 27. Qxb1
Rb8 28. Nb5 Qa5 29. Qc1 d5 30. Ra3 Qb6 31. Rb3 dxc4 32. Qxc4 Qa5 33. Qc7 Rxb5
0-1

[Event "FRA T II 20102011"]
[Site "FRA"]
[Date "2010.11.14"]
[Round "3.6"]
[White "Labadie, Jean Jacques"]
[Black "Bouton, Christophe"]
[Result "0-1"]
[WhiteElo "1972"]
[BlackElo "2059"]
[PlyCount "54"]
[EventDate "2010.11.13"]
[EventType "team-match"]
[EventRounds "9"]
[EventCountry "FRA"]
[Source "FFE"]
[SourceDate "2010.10.29"]
[WhiteTeamCountry "FRA"]
[BlackTeamCountry "FRA"]

1. c4 b6 2. Nc3 Bb7 3. d4 e6 4. a3 g6 5. e4 Bg7 6. Bf4 Ne7 7. Nf3 O-O 8. Qd2 f5
9. e5 Bxf3 10. gxf3 d6 11. Qe3 Nbc6 12. exd6 Nxd4 13. O-O-O cxd6 14. Bg5 f4 15.
Qe1 Qd7 16. Bxe7 Qxe7 17. Qe4 Nb3+ 18. Kc2 Nc5 19. Qc6 Be5 20. h4 Rfc8 21. Qb5
a6 22. Qxb6 Rab8 23. Qa5 Rb3 24. Rd2 Rcb8 25. Kd1 Rxb2 26. Rxb2 Rxb2 27. Na4
Rb1+ 0-1

[Event "FRA T II 20102011"]
[Site "FRA"]
[Date "2010.11.14"]
[Round "3.4"]
[White "Hoffmann, Regis"]
[Black "Buchy, Daniel"]
[Result "0-1"]
[WhiteElo "2115"]
[BlackElo "2117"]
[PlyCount "48"]
[EventDate "2010.11.13"]
[EventType "team-match"]
[EventRounds "9"]
[EventCountry "FRA"]
[Source "FFE"]
[SourceDate "2010.10.29"]
[WhiteTeamCountry "FRA"]
[BlackTeamCountry "FRA"]

1. d4 d5 2. Bf4 e6 3. Nf3 Nf6 4. e3 Bd6 5. Ne5 O-O 6. Bd3 c5 7. c3 b6 8. Nd2
Ba6 9. Bxa6 Nxa6 10. Qf3 Qc7 11. g4 Nd7 12. Qg3 Bxe5 13. dxe5 c4 14. Nf3 Nac5
15. Kf1 Nd3 16. g5 N7c5 17. Qg4 Ne4 18. Bg3 Nxb2 19. Nd4 Nd3 20. h4 Nxg3+ 21.
Qxg3 Qxe5 22. f4 Qe4 23. Ke2 e5 24. fxe5 Nxe5 0-1

[Event "FRA T II 20102011"]
[Site "FRA"]
[Date "2010.11.13"]
[Round "2.4"]
[White "Engelmann, Herve"]
[Black "Buchy, Daniel"]
[Result "1/2-1/2"]
[WhiteElo "2029"]
[BlackElo "2117"]
[PlyCount "46"]
[EventDate "2010.11.13"]
[EventType "team-match"]
[EventRounds "9"]
[EventCountry "FRA"]
[Source "FFE"]
[SourceDate "2010.10.29"]
[WhiteTeamCountry "FRA"]
[BlackTeamCountry "FRA"]

1. e4 c5 2. c3 d5 3. exd5 Qxd5 4. d4 cxd4 5. cxd4 e6 6. Nf3 Nc6 7. Nc3 Bb4 8.
Bd3 Nge7 9. O-O Bxc3 10. bxc3 h6 11. Re1 O-O 12. Ne5 Nxe5 13. Rxe5 Qc6 14. Ba3
Qc7 15. Rc5 Qd8 16. Qh5 Nd5 17. Bc1 Qf6 18. Be4 b6 19. Rc6 Qe7 20. Bxd5 exd5
21. Bxh6 Bb7 22. Bxg7 Kxg7 23. Qg4+ Kh7 1/2-1/2

[Event "FRA T II 20102011"]
[Site "FRA"]
[Date "2010.11.14"]
[Round "3.3"]
[White "Toulzac, Pierre Yves"]
[Black "Fossier, Francois"]
[Result "1-0"]
[WhiteElo "2248"]
[BlackElo "2241"]
[PlyCount "119"]
[EventDate "2010.11.13"]
[EventType "team-match"]
[EventRounds "9"]
[EventCountry "FRA"]
[Source "FFE"]
[SourceDate "2010.10.29"]
[WhiteTeamCountry "FRA"]
[BlackTeamCountry "FRA"]

1. f4 d6 2. g3 e5 3. d3 exf4 4. Bxf4 Ne7 5. Bg5 h6 6. Bd2 d5 7. Bg2 c6 8. e4
dxe4 9. Bxe4 Nd7 10. Qe2 Nf6 11. Bf3 Be6 12. Nc3 Qb6 13. O-O-O O-O-O 14. Kb1
Nf5 15. Bg2 Nd4 16. Qf1 Ba3 17. Bc1 Bb4 18. Bd2 Bxc3 19. Bxc3 Nd5 20. Bxd4 Qxd4
21. Ne2 Qb6 22. Bxd5 Rxd5 23. Nc3 Ra5 24. Qf4 Rd8 25. Rde1 Rd4 26. Re4 Rxe4 27.
dxe4 Qc7 28. Qd2 Re5 29. a3 Bg4 30. Rf1 Re7 31. Qd4 Bh3 32. Rd1 f6 33. Qxa7 Rd7
34. Rxd7 Qxd7 35. Kc1 Qg4 36. b3 Qg5+ 37. Kb1 Qd2 38. Na4 Qe1+ 39. Kb2 Qxe4 40.
Qxb7+ Kxb7 41. Nc5+ Kb6 42. Nxe4 f5 43. Nf2 Bf1 44. Kc3 Kc5 45. Kd2 Kd4 46. c3+
Kd5 47. Ke3 g5 48. c4+ Kd6 49. Nd3 c5 50. Kd2 h5 51. Ke3 Bg2 52. b4 cxb4 53.
axb4 Bf1 54. Kd4 Be2 55. b5 Kc7 56. c5 Kb7 57. b6 Kc6 58. Ne5+ Kb7 59. Nf7 g4
60. Nd6+ 1-0